| 000 | 00558nam a2200181 a 4500 | ||
|---|---|---|---|
| 003 | PILC | ||
| 005 | 20160307153707.0 | ||
| 008 | 100323s2008 ph 000 0 eng d | ||
| 020 | _a9789719919957 | ||
| 050 | 0 | 0 |
_aKPM 856 _b.So67 2016 |
| 100 | 1 | _aSoriano, Fidelito R. | |
| 245 | 1 | 0 |
_aNotes in business law : _bfor accountancy students and CPA reviewees / _cFidelito R. Soriano. |
| 250 | _a2016 edition. | ||
| 260 |
_aManila : _bGIC Enterprises, _c2016. |
||
| 300 |
_a1122 pages ; _c23 cm. |
||
| 650 | 0 |
_aCommercial law _zPhilippines. |
|
| 942 |
_2lcc _cBK _kLOC |
||
| 999 |
_c291467 _d291467 |
||